000 00840cam a2200229 4500
001 WB3549-15
008 000000n1999 000 0 eng u
035 _a(Sirsi) u103214
245 _aDeath of a salesfloor?
260 _c1999
490 _aRetail Week
_v10 December 1999, 25(1)
520 _aLooks at the impact of e-commerce on traditional bricks-and-mortar stores, and suggests that the two will be complimentary rather than adversarial. Emphasises the need for traditional retailers to 'add value' to the shopping experience to hold on to their customers.
590 _aWB
650 _aRETAIL PROPERTY
650 _aELECTRONIC COMMERCE
650 _aRETAILING
650 _aINTERNET SHOPPING
650 _aADDED VALUE
650 _aHIGH STREET
690 _aPROPERTY-COMMERCIAL PROPERTY-RETAIL PROPERTY
942 _n0
999 _c62037
_d62037